000 01106nam a22002177a 4500
999 _c60460
_d60460
003 Ge_BSU
005 20230724122308.0
008 230724b xxu||||| |||| 00| 0 geo d
020 _a9789941836527
041 _ageo
080 _a821.112.2.03=353.1ბ-32
100 _aბარბაქაძე, დათო, მთარგმნელი.
_919503
245 _aთარგმანები, 2018-2021 /
_cდათო ბარბაქაძე.
264 _aთბილისი :
_b მერწყული,
_c2021.
300 _a590 გვ. ;
_b21 სმ.
440 _aყდაზე: ჰანს თომა, მომთაბარე ნაკადული (1906).
_919504
500 _aიბეჭდება ტიპოსკრიპტის უფლებით
653 _aგერმანული პროზა, თარგმანები ქართულ ენაზე. გერმანული პოეზია -- თარგმანები ქართულ ენაზე.
773 _tნაჩუქარი
942 _2udc
_cBK